Finanzökonomische Aspekte eines Innovationskonzeptes zur Modernisierung von Betriebsmitteln am Beispiel ausgewählter Anlagen der Stahlindustrie dizertačná práca
Enregistré dans:
| Auteur principal: | |
|---|---|
| Collectivité auteur: | |
| Autres auteurs: | |
| Format: | Livre |
| Langue: | allemand |
| Publié: |
Bratislava
2018
|
| Sujets: | |
| Tags: |
Pas de tags, Soyez le premier à ajouter un tag!
|
MARC
| LEADER | 00000nbm a2200000 4500 | ||
|---|---|---|---|
| 001 | 0242262 | ||
| 005 | 20230302103610.2 | ||
| 041 | 0 | |a ger | |
| 044 | |a SK | ||
| 245 | 1 | 0 | |a Finanzökonomische Aspekte eines Innovationskonzeptes zur Modernisierung von Betriebsmitteln am Beispiel ausgewählter Anlagen der Stahlindustrie |b dizertačná práca |c Simon Schmidt ; školiteľ: Peter Markovič |
| 264 | 1 | |a Bratislava |c 2018 | |
| 300 | |a 229 s. | ||
| 610 | 2 | 0 | |a inovácia |
| 610 | 2 | 0 | |a koncepcie |
| 610 | 2 | 0 | |a modernizácia |
| 610 | 2 | 0 | |a produkcia |
| 610 | 2 | 0 | |a financovanie |
| 610 | 2 | 0 | |a náklady investičné |
| 610 | 2 | 0 | |a podnik |
| 610 | 2 | 0 | |a oceľ |
| 610 | 2 | 0 | |a priemysel |
| 610 | 2 | 0 | |a metalurgia |
| 100 | 1 | |a Schmidt, Simon | |
| 700 | 1 | |a Markovič, Peter, 1974- | |
| 710 | 2 | |a Fakulta podnikového manažmentu EU. Katedra podnikových financií | |